[Event "Satka Gubernators Cup Juniors"]
[Site "Satka"]
[Date "2010.08.22"]
[Round "9"]
[White "Pleshakov, Anton"]
[Black "Petrushko, Evgeni"]
[Result "1-0"]
[WhiteElo "1970"]
[BlackElo "2042"]
[PlyCount "83"]
[EventDate "2010.08.16"]
[EventType "swiss"]
[EventRounds "9"]
[EventCountry "RUS"]
[SourceTitle "EXT 2022"]
[Source "ChessBase"]
[SourceDate "2021.10.06"]
[SourceVersion "1"]
[SourceVersionDate "2021.10.06"]
[SourceQuality "1"]

1. e4 c5 2. Nf3 d6 3. d4 cxd4 4. Nxd4 Nf6 5. Nc3 a6 6. Bg5 e6 7. f4 Nbd7 8. Qe2 Qc7 9. 0-0-0 Be7 10. g3 b5 11. Bg2 Rb8 12. Rhe1 Bb7 13. e5 dxe5 14. fxe5 Nd5 15. Bxe7 Nxc3 16. bxc3 Kxe7 17. Bxb7 Rxb7 18. Qe4 Rc8 19. Re3 b4 20. cxb4 Nb6 21. a3 Nd5 22. Rf3 Rb6 23. Rdf1 f5 24. exf6+ Nxf6 25. Nf5+ Kf8 26. Nxg7 Qxg7 27. Qe5 Rbc6 28. R1f2 Kg8 29. Rxf6 Qg4 30. h3 Qg7 31. Rxe6 Qxe5 32. Rxe5 Rc3 33. Rg5+ Kh8 34. Kb2 R3c6 35. Rg4 Rh6 36. h4 Rhc6 37. a4 Rb8 38. Kb3 Re6 39. c3 Rd6 40. Rf5 Rd1 41. Ra5 Rb6 42. b5 1-0

[Event "Satka Gubernators Cup Juniors"]
[Site "Satka"]
[Date "2010.08.16"]
[Round "?"]
[White "Petrushko, Evgeni"]
[Black "Vyalykh, Anastasiya"]
[Result "1-0"]
[WhiteElo "2042"]
[BlackElo "1793"]
[PlyCount "37"]
[EventDate "2010.08.16"]
[EventType "swiss"]
[EventRounds "9"]
[EventCountry "RUS"]
[SourceTitle "EXT 2022"]
[Source "ChessBase"]
[SourceDate "2021.10.06"]
[SourceVersion "1"]
[SourceVersionDate "2021.10.06"]
[SourceQuality "1"]

1. e4 e5 2. Nf3 Nc6 3. d4 exd4 4. Nxd4 Qh4 5. Nb5 Qxe4+ 6. Be2 Bb4+ 7. c3 Ba5 8. 0-0 Nge7 9. Nd2 Qf5 10. Nc4 Kd8 11. b4 Bb6 12. a4 a5 13. Nxb6 cxb6 14. Nd6 Qf6 15. Bg5 Qxc3 16. Nxf7+ Ke8 17. Nxh8 g6 18. b5 Nd8 19. Qd6 1-0

[Event "Ilichevsk Sunny Pawn op"]
[Site "Ilichevsk"]
[Date "2007.07.30"]
[Round "10"]
[White "Petrushko, Evgeni"]
[Black "Bagrationi, Alexander"]
[Result "1/2-1/2"]
[WhiteElo "2050"]
[BlackElo "2164"]
[PlyCount "104"]
[EventDate "2007.07.20"]
[EventType "swiss"]
[EventRounds "11"]
[EventCountry "UKR"]
[SourceTitle "CBM 119 Extra"]
[Source "ChessBase"]
[SourceDate "2007.09.04"]
[SourceVersion "1"]
[SourceVersionDate "2007.09.04"]
[SourceQuality "1"]

1. e4 c5 2. c3 Nf6 3. e5 Nd5 4. d4 e6 5. Nf3 cxd4 6. cxd4 b6 7. Bd3 Bb7 8. 0-0 f5 9. exf6 Nxf6 10. Bg5 Be7 11. Ne5 0-0 12. Bxf6 Rxf6 13. Qh5 g6 14. Nxg6 Qe8 15. Nxe7+ Qxe7 16. Nc3 Qg7 17. Be4 Bxe4 18. Nxe4 Rf5 19. Qe8+ Rf8 20. Qh5 Nc6 21. Qg5 Nxd4 22. Qxg7+ Kxg7 23. Rfd1 e5 24. Rd3 Rac8 25. Nc3 b5 26. a3 a5 27. Rad1 b4 28. axb4 axb4 29. Nd5 Rc2 30. R3d2 b3 31. Ne3 Rxd2 32. Rxd2 Rc8 33. f3 Rc2 34. Nf1 Kf6 35. Kf2 Ke6 36. Ke3 Rc1 37. Ng3 d5 38. Kd3 Nc6 39. Ne2 Nb4+ 40. Ke3 d4+ 41. Kf2 Rb1 42. f4 Nc2 43. fxe5 Kxe5 44. g4 Rh1 45. Kg2 Ra1 46. Kg3 Ke4 47. Kf2 Kd5 48. h4 Kc4 49. h5 d3 50. Nf4 Nb4 51. g5 Ra5 52. g6 Rf5 1/2-1/2

[Event "Ilichevsk Sunny Pawn op"]
[Site "Ilichevsk"]
[Date "2007.07.27"]
[Round "7"]
[White "Petrushko, Evgeni"]
[Black "Gritsenko, Nikolai"]
[Result "0-1"]
[WhiteElo "2050"]
[BlackElo "2352"]
[PlyCount "154"]
[EventDate "2007.07.20"]
[EventType "swiss"]
[EventRounds "11"]
[EventCountry "UKR"]
[SourceTitle "CBM 119 Extra"]
[Source "ChessBase"]
[SourceDate "2007.09.04"]
[SourceVersion "1"]
[SourceVersionDate "2007.09.04"]
[SourceQuality "1"]

1. e4 d6 2. d4 Nf6 3. Nc3 Nbd7 4. f4 e5 5. dxe5 dxe5 6. fxe5 Nxe5 7. Qxd8+ Kxd8 8. Bg5 Be7 9. Nf3 Nfd7 10. Nxe5 Nxe5 11. 0-0-0+ Bd7 12. Bxe7+ Kxe7 13. Nd5+ Kd8 14. Ne3 Re8 15. Be2 f6 16. Nf5 Rg8 17. Ne3 c6 18. Nc4 Nxc4 19. Bxc4 Re8 20. Rd4 Kc7 21. Rhd1 Rad8 22. Bf7 Rf8 23. Bh5 Be6 24. Rxd8 Rxd8 25. Rxd8 Kxd8 26. a3 Ke7 27. Kd2 Kd6 28. Ke3 Ke5 29. Be2 c5 30. g3 Bf7 31. Bf3 Bg6 32. Bg2 Be8 33. Bf1 Ba4 34. b3 Bc6 35. Bd3 b6 36. c3 Bb7 37. b4 Bc6 38. Bc2 Bb7 39. Bd3 Bc8 40. Be2 Bd7 41. Bd3 Ba4 42. Bb1 c4 43. Ba2 Bb3 44. Bb1 h5 45. Kd2 g6 46. Ke3 g5 47. Kd2 h4 48. Ke3 Ba4 49. Kd2 Bb3 50. Ke3 Bd1 51. Kd2 Ba4 52. Ke3 Bd1 53. Kd2 Bb3 54. Ke3 hxg3 55. hxg3 Kd6 56. Kd4 Kc6 57. a4 a5 58. bxa5 bxa5 59. e5 fxe5+ 60. Kxe5 Bxa4 61. Ke4 Bb3 62. Ke3 a4 63. Kd2 Kd5 64. Bf5 Ke5 65. g4 a3 66. Kc1 Kf4 67. Kb1 Ke3 68. Kc1 Ke2 69. Be6 Ke1 70. Bf5 a2 71. Kb2 Kd2 72. Be6 a1B+ 73. Kxa1 Kxc3 74. Kb1 Kd2 75. Bf7 Bc2+ 76. Kb2 c3+ 77. Ka2 Bd1 0-1

[Event "Ilichevsk Sunny Pawn op"]
[Site "Ilichevsk"]
[Date "2007.07.22"]
[Round "3"]
[White "Petrushko, Evgeni"]
[Black "Khaetsky, Roman"]
[Result "0-1"]
[WhiteElo "2050"]
[BlackElo "2379"]
[PlyCount "76"]
[EventDate "2007.07.20"]
[EventType "swiss"]
[EventRounds "11"]
[EventCountry "UKR"]
[SourceTitle "CBM 119 Extra"]
[Source "ChessBase"]
[SourceDate "2007.09.04"]
[SourceVersion "1"]
[SourceVersionDate "2007.09.04"]
[SourceQuality "1"]

1. e4 Nf6 2. e5 Nd5 3. d4 d6 4. Nf3 dxe5 5. Nxe5 c6 6. Bc4 Nd7 7. Nxd7 Bxd7 8. 0-0 e6 9. Nd2 Bd6 10. Nf3 0-0 11. c3 Qc7 12. Bd3 c5 13. dxc5 Bxc5 14. Ng5 Nf6 15. Ne4 Nxe4 16. Bxe4 f5 17. Bf3 Bd6 18. h3 Bc6 19. Bxc6 Qxc6 20. Qb3 Kh8 21. Rd1 Rf6 22. f4 Rg6 23. Qc2 e5 24. Rf1 Bc5+ 25. Kh2 e4 26. Re1 Rd8 27. Be3 Bxe3 28. Rxe3 Rgd6 29. Re2 Rd3 30. Rf1 h6 31. Rff2 Qg6 32. Rf1 Qg3+ 33. Kg1 R8d6 34. Qa4 Rd2 35. Qc4 Kh7 36. Rfe1 Rd1 37. Kf1 Rxe1+ 38. Rxe1 Rd2 0-1

[Event "Ilichevsk Sunny Pawn op"]
[Site "Ilichevsk"]
[Date "2007.07.20"]
[Round "1"]
[White "Petrushko, Evgeni"]
[Black "Petrushin, Alexander I"]
[Result "1/2-1/2"]
[WhiteElo "2050"]
[BlackElo "2474"]
[PlyCount "104"]
[EventDate "2007.07.20"]
[EventType "swiss"]
[EventRounds "11"]
[EventCountry "UKR"]
[SourceTitle "CBM 119 Extra"]
[Source "ChessBase"]
[SourceDate "2007.09.04"]
[SourceVersion "1"]
[SourceVersionDate "2007.09.04"]
[SourceQuality "1"]

1. e4 e5 2. Nf3 Nc6 3. d4 exd4 4. Nxd4 Bc5 5. Nxc6 bxc6 6. Bc4 Qh4 7. 0-0 Nf6 8. g3 Qh3 9. Qf3 0-0 10. Nc3 Bb7 11. Qg2 Qxg2+ 12. Kxg2 d5 13. Bd3 Rfe8 14. f3 Nd7 15. Bf4 Ne5 16. Rfe1 Bd6 17. Rad1 Nxd3 18. Rxd3 Bxf4 19. gxf4 Rad8 20. Red1 Rd6 21. R1d2 Rg6+ 22. Kf2 Rh6 23. Kg1 Rg6+ 24. Rg2 Rd6 25. e5 Rde6 26. Na4 Bc8 27. Nc5 Rh6 28. Ra3 Bh3 29. Rg3 Ra8 30. Rb3 Bc8 31. Rg2 Rh4 32. Rb4 a5 33. Ra4 Rb8 34. Nb3 h6 35. c3 Bd7 36. Nc5 Bc8 37. Rf2 Rb5 38. Nb3 c5 39. Nxa5 Bd7 40. Nb3 c4 41. Ra8+ Kh7 42. Nd4 Rb7 43. Ra5 c6 44. f5 Rh5 45. e6 Bc8 46. Ra8 c5 47. Ne2 fxe6 48. Rxc8 exf5 49. Rxc5 Rxb2 50. Nf4 Rb1+ 51. Rf1 Rg5+ 52. Ng2 Rb2 1/2-1/2